000 00329nam a22001337a 4500
020 _qPB.
040 _cFIZZA ISHAQ
082 _a842
_bMUS
100 _a Musset , Alfred de.
_9133811
245 _a Fantasio /
_cAlfred de Musset.
260 _aFrance:
_b Folio,
_c2003.
300 _a191 P. ;
_c7 x 4.2 x 0.6 in
942 _2ddc
_cBK
999 _c616779
_d616779